00943nam a2200265 u 450000100100000000500170001000800410002702000180006804100140008608200220010010000210012224501160014325000120025926000350027130000110030649000170031750000630033450001240039765000300052165000250055165000290057665000170060570000200062270000350064200004186420200120222401.0101102s2008 sp gr 000 0 spa d a97884968223131 a-spaheng04a323.042bH17p2211 aHarty, Siobhán10aPor una ciudadanía multinacional /cSiobhán Harty, Michael Murphy ; traducción: Ricardo García Pérez. a1a. ed. aMadrid :b451 Editores,c2008. a331 p. 0a451.http.doc aTítulo orginal : In defence of multinational citizenship aEl ej.1 con N° de acceso 054000085 es de uso exclusivo para consulta en sala. Ubicación: Centro Empresarial El Cubo.14aParticipación ciudadana24aDerechos políticos24aDesarrollo participativo24aCiudadanía1 aMurphy, Michael1 aGarcía Pérez, Ricardoetr.